| 000 | 00931nam a2200241 4500 | ||
|---|---|---|---|
| 003 | KOHA_MİRAKIL | ||
| 005 | 20260414091702.0 | ||
| 008 | 260414b tu ||||| |||| 00| 0 tur d | ||
| 040 |
_aTR-AnABB _btur _cTR-AnABB |
||
| 041 | _atur | ||
| 082 |
_a338.9561 _bSOY 1975 |
||
| 100 | 1 | _aSoysal, Ertuğrul | |
| 245 | 1 | 0 |
_aSanayileşme ve bölgesel denge / _cErtuğrul Soysal |
| 260 |
_aAnkara: _bTÜSİAD, _c1975 |
||
| 300 |
_a31 sayfa; _c22 cm |
||
| 500 | _aYazar tarafından Prof. Dr. Ruşen Keleş için imzalanmıştır. | ||
| 500 | _aKitap içerisinde Prof. Dr. Ruşen Keleş tarafından satır altı çizimler ve vurgular mevcuttur. | ||
| 505 | _aİçindekiler: Sanayileşme ve bölgesel denge - Çeşitli ülkelerde bölgesel denge için uygulanan politikalar - Türkiye | ||
| 650 | 0 | 4 | _aEkonomik politika, Türkiye |
| 650 | 0 | 4 | _aSanayileşme |
| 650 | 0 | 4 | _aBölgesel planlama |
| 942 |
_2ddc _cBK |
||
| 999 |
_c10231 _d10231 |
||
| 900 | _bCan ÇELIK | ||